Gaming Quiz

Random Gaming or Nintendo Quiz
Score 0/24 Timer 06:00
0 Plays Today
% Correct
Sonic
99.2%
Mario
97.1%
Luigi
96%
Pikachu
94.5%
Peach
93.8%
Toon Link
91.1%
Squirtle
87.1%
Tails
83.9%
Bulbasaur
83.5%
Daisy
81.7%
Jigglypuff
80.9%
Samus Aran
72.9%
% Correct
Shadow
72.6%
Blinky
66.2%
Pinky
66%
Inky
64.4%
Tom Nook
63.9%
Amy Rose
60.7%
Ness
60.4%
King Dedede
58.6%
Isabelle
57.7%
Clyde
57%
Blathers
32.7%
Mabel
27.8%
Remove Ads.
Support Sporcle.
Get the best of Sporcle when you Go Orange. This ad-free experience offers more features, more stats, and more fun while also helping to support Sporcle. Thank you for becoming a member.

You're not logged in!

Compare scores with friends on all Sporcle quizzes.
OR
Log In

Show Comments

Extras

Top Quizzes Today


Score Distribution

Your Account Isn't Verified!

In order to create a playlist on Sporcle, you need to verify the email address you used during registration. Go to your Sporcle Settings to finish the process.

Report this User

Report this user for behavior that violates our Community Guidelines.

Details: